Linear integrated circuits / (Record no. 19)

000 -LEADER
fixed length control field 00637pam a2200193 a 4500
008 - FIXED-LENGTH DATA ELEMENTS--GENERAL INFORMATION
fixed length control field 900822s1991 nyua b 001 0 eng
020 ## - INTERNATIONAL STANDARD BOOK NUMBER
International Standard Book Number 8122414702
040 ## - CATALOGING SOURCE
Original cataloging agency IMU-KC
041 0# - LANGUAGE CODE
Language code of text/sound track or separate title ENGLISH
082 00 - DEWEY DECIMAL CLASSIFICATION NUMBER
Classification number 621.3815 C5528
Edition number 2nd ed.
100 2# - MAIN ENTRY--PERSONAL NAME
Personal name Roy Choudhury, D.
245 10 - TITLE STATEMENT
Title Linear integrated circuits /
260 ## - PUBLICATION, DISTRIBUTION, ETC. (IMPRINT)
Place of publication, distribution, etc New Delhi
Name of publisher, distributor, etc New Age International (P) Limited
Date of publication, distribution, etc 2003
300 ## - PHYSICAL DESCRIPTION
Extent ix, 423 p. :
Other physical details ill. ;
Dimensions 25 cm.
504 ## - BIBLIOGRAPHY, ETC. NOTE
Bibliography, etc Includes bibliographical references (p. 414-415) and index.
650 #0 - SUBJECT ADDED ENTRY--TOPICAL TERM
Topical term or geographic name as entry element Electrical Engineering
General subdivision Linear Integrated Circuits
700 1# - ADDED ENTRY--PERSONAL NAME
Personal name Jain, Shail.
942 ## - ADDED ENTRY ELEMENTS (KOHA)
Source of classification or shelving scheme
Item type Books
Holdings
Withdrawn status Lost status Source of classification or shelving scheme Damaged status Not for loan Permanent location Current location Date acquired Source of acquisition Full call number Barcode Date last seen Cost, replacement price Koha item type Total Checkouts Date last borrowed
          IMU Kolkata IMU Kolkata 2007-05-31 Jyoti, the Book People 621.3815 C5528 09799 2020-02-13 200.00 Books    
          IMU Kolkata IMU Kolkata 2007-05-31 Jyoti, the Book People 621.3815 C5528 09902 2020-02-14 200.00 Books    
          IMU Kolkata IMU Kolkata 2007-05-31 Jyoti, the Book People 621.3815 C5528 09903 2020-02-14 200.00 Books    
          IMU Kolkata IMU Kolkata 2007-05-31 Jyoti, the Book People 621.3815 C5528 09904 2020-02-14 200.00 Books    
          IMU Kolkata IMU Kolkata 2007-05-31 Jyoti, the Book People 621.3815 C5528 09905 2020-02-14 200.00 Books    
          IMU Kolkata IMU Kolkata 2007-05-31 Jyoti, the Book People 621.3815 C5528 09906 2020-02-14 200.00 Books    
          IMU Kolkata IMU Kolkata 2007-05-31 Jyoti, the Book People 621.3815 C5528 09907 2024-03-26 200.00 Books 1 2024-03-12
          IMU Kolkata IMU Kolkata 2007-05-31 Jyoti, the Book People 621.3815 C5528 09908 2020-02-14 200.00 Books    
          IMU Kolkata IMU Kolkata 2007-05-31 Jyoti, the Book People 621.3815 C5528 09909 2020-02-14 200.00 Books    
          IMU Kolkata IMU Kolkata 2007-05-31 Jyoti, the Book People 621.3815 C5528 09910 2020-02-14 200.00 Books    
          IMU Kolkata IMU Kolkata 2007-05-31 Jyoti, the Book People 621.3815 C5528 09911 2020-02-14 200.00 Books    
Designed and Maintained by IMU-KC Library, Kolkata Campus © Copyright All Rights Reserved

webs counters

Powered by Koha